Als die Kathedralen in den Himmel wuchsen : Bauen im Mittelalter
Saved in:
| Main Author: | |
|---|---|
| Document Type: | Book |
| Language: | German |
| Published: |
Darmstadt
: Wissenschaftliche Buchgesellschaft
, 2006
|
| Edition: | 1. Auflage |
| Subjects: | |
| Online Access: | Inhaltsverzeichnis Rezension Rezension Inhaltstext Inhaltsverzeichnis |
| Related Items: | Rezensiert in:
[Rezension von: Günther Binding, Als die Kathedralen in den Himmel wuchsen, Bauen im Mittelalter] Rezensiert in: [Rezension von: Günther Binding, Als die Kathedralen in den Himmel wuchsen. Bauen im Mittelalter] Rezensiert in: [Rezension von: Binding, Günther, Als die Kathedralen in den Himmel wuchsen :: Bauen im Mittelalter] |
| Author Notes: | Günther Binding |
| LEADER | 05859cam a2201165 c 4500 | ||
|---|---|---|---|
| 001 | 504115766 | ||
| 003 | DE-627 | ||
| 005 | 20260421154324.0 | ||
| 007 | tu | ||
| 008 | 051207s2006 gw ||||| 00| ||ger c | ||
| 015 | |a 05,N51,1186 |2 dnb | ||
| 015 | |a 06,A25,1609 |2 dnb | ||
| 016 | 7 | |a 977209059 |2 DE-101 | |
| 020 | |a 3896782835 |q Gb. : EUR 34.90, sfr 58.60 |9 3-89678-283-5 | ||
| 020 | |a 9783896782830 |q : Gb. : EUR 34.90, sfr 58.60 |9 978-3-89678-283-0 | ||
| 024 | 3 | |a 9783896782830 | |
| 035 | |a (DE-627)504115766 | ||
| 035 | |a (DE-603)135990548 | ||
| 035 | |a (DE-576)25309514X | ||
| 035 | |a (DE-599)DNB977209059 | ||
| 035 | |a (OCoLC)181513636 | ||
| 035 | |a (OCoLC)181513636 | ||
| 035 | |a (OCoLC)69105197 | ||
| 035 | |a (AT-OBV)AC05222358 | ||
| 035 | |a (DE-478)952346506 | ||
| 040 | |a DE-627 |b ger |c DE-627 |e rakwb | ||
| 041 | |a ger | ||
| 044 | |c XA-DE-HE | ||
| 050 | 0 | |a NA4830 | |
| 082 | 0 | |a 720 |q BSZ | |
| 082 | 0 | 4 | |a 720 |
| 084 | |a Rek 11 |2 asb | ||
| 084 | |a RKM |2 ssd | ||
| 084 | |a KU 329 |2 sfb | ||
| 084 | |a KU 75,4 |2 sfb | ||
| 084 | |a K 134 |2 kab | ||
| 084 | |a 19,2 |2 ssgn | ||
| 084 | |a ZH 6310 |2 rvk |0 (DE-625)rvk/156218: | ||
| 084 | |a ZH 4720 |2 rvk |0 (DE-625)rvk/156151: | ||
| 084 | |a LH 67582 |2 rvk |0 (DE-625)rvk/94646:156 | ||
| 084 | |a LK 79582 |2 rvk |0 (DE-625)rvk/98283:156 | ||
| 084 | |a 21.70 |2 bkl | ||
| 090 | |a a | ||
| 100 | 1 | |a Binding, Günther |d 1936- |e VerfasserIn |0 (DE-588)119464136 |0 (DE-627)080278604 |0 (DE-576)160298946 |4 aut | |
| 245 | 1 | 0 | |a Als die Kathedralen in den Himmel wuchsen |b Bauen im Mittelalter |c Günther Binding |
| 250 | |a 1. Auflage | ||
| 264 | 1 | |a Darmstadt |b Wissenschaftliche Buchgesellschaft |c 2006 | |
| 300 | |a 136 Seiten |b Illustrationen |c 270 mm x 210 mm | ||
| 336 | |a Text |b txt |2 rdacontent | ||
| 337 | |a ohne Hilfsmittel zu benutzen |b n |2 rdamedia | ||
| 338 | |a Band |b nc |2 rdacarrier | ||
| 583 | 1 | |a Archivierung prüfen |c 20231104 |f DE-640 |z 3 |2 pdager | |
| 583 | 1 | |a Archivierung prüfen |c 20240324 |f DE-4165 |z 3 |2 pdager | |
| 583 | 1 | |a Archivierung/Langzeitarchivierung gewährleistet |f PEHE |2 pdager |5 DE-17 | |
| 648 | 7 | |a Geschichte 500-1500 |2 gnd | |
| 650 | 0 | |a Cathedrals |z Europe |x Design and construction | |
| 650 | 0 | |a Architecture, Medieval | |
| 650 | 0 | 7 | |0 (DE-588)4073436-5 |0 (DE-627)104791268 |0 (DE-576)209190450 |a Kirchenbau |2 gnd |
| 650 | 0 | 7 | |0 (DE-588)4144156-4 |0 (DE-627)105600431 |0 (DE-576)209731869 |a Bauhütte |2 gnd |
| 650 | 4 | |a Exkurs, Kathedrale, mittleres Management, Bauhütte | |
| 689 | 0 | 0 | |d s |0 (DE-588)4073436-5 |0 (DE-627)104791268 |0 (DE-576)209190450 |a Kirchenbau |2 gnd |
| 689 | 0 | 1 | |a z |2 gnd |a Geschichte 500-1500 |
| 689 | 0 | |5 DE-101 | |
| 689 | 1 | 0 | |d s |0 (DE-588)4073436-5 |0 (DE-627)104791268 |0 (DE-576)209190450 |a Kirchenbau |2 gnd |
| 689 | 1 | 1 | |d s |0 (DE-588)4144156-4 |0 (DE-627)105600431 |0 (DE-576)209731869 |a Bauhütte |2 gnd |
| 689 | 1 | 2 | |a z |2 gnd |a Geschichte 500-1500 |
| 689 | 1 | |5 DE-101 | |
| 689 | 2 | 0 | |d s |0 (DE-588)4073436-5 |0 (DE-627)104791268 |0 (DE-576)209190450 |a Kirchenbau |2 gnd |
| 689 | 2 | 1 | |d s |0 (DE-588)4144156-4 |0 (DE-627)105600431 |0 (DE-576)209731869 |a Bauhütte |2 gnd |
| 689 | 2 | 2 | |a z |2 gnd |a Geschichte 500-1500 |
| 689 | 2 | |5 (DE-627) | |
| 787 | 0 | 8 | |i Rezensiert in |a Hillen, Christian, 1967 - |t [Rezension von: Günther Binding, Als die Kathedralen in den Himmel wuchsen, Bauen im Mittelalter] |d 2006 |w (DE-627)1745799915 |
| 787 | 0 | 8 | |i Rezensiert in |a Helten, Leonhard, 1958 - |t [Rezension von: Günther Binding, Als die Kathedralen in den Himmel wuchsen. Bauen im Mittelalter] |d 2008 |w (DE-627)587677406 |w (DE-576)9587677404 |
| 787 | 0 | 8 | |i Rezensiert in |a Helten, Leonhard |t [Rezension von: Binding, Günther, Als die Kathedralen in den Himmel wuchsen :: Bauen im Mittelalter] |d 2008 |w (DE-627)587676140 |
| 856 | 4 | 2 | |u http://www.gbv.de/dms/hebis-darmstadt/toc/176864423.pdf |m V:DE-603 |m B:DE-17 |q pdf/application |x Verlag |y Inhaltsverzeichnis |3 Inhaltsverzeichnis |7 1 |
| 856 | 4 | 2 | |u http://www.sehepunkte.de/2008/11/11175.html |m V:DE-576;X:Sehepunkte |q text/html |v 20180412105414 |3 Rezension |7 1 |
| 856 | 4 | 2 | |u https://swbplus.bsz-bw.de/bsz25309514xrez.htm |m B:DE-576;DE-16 |q application/pdf |v 20081121000000 |x Verlag |3 Rezension |7 1 |
| 856 | 4 | 2 | |u http://deposit.dnb.de/cgi-bin/dokserv?id=2713001&prov=M&dok_var=1&dok_ext=htm |m X: MVB |q text/html |v 20130501 |x Verlag |3 Inhaltstext |7 1 |
| 856 | 4 | 2 | |u http://scans.hebis.de/HEBCGI/show.pl?13599054_toc.pdf |m V:DE-603;B:DE-17 |3 Inhaltsverzeichnis |7 1 |
| 935 | |a BGTS | ||
| 935 | |i sf | ||
| 935 | |i Blocktest | ||
| 936 | r | v | |a ZH 6310 |b Kirchliche Baukunst / Geschichte |k Technik |k Architektur |k Öffentliche Gebäude |k Kirchliche Baukunst |k Kirchliche Baukunst / Geschichte |0 (DE-627)1271582325 |0 (DE-625)rvk/156218: |0 (DE-576)201582325 |
| 936 | r | v | |a ZH 4720 |b Mittelalter |k Technik |k Architektur |k Baugeschichte |k Mittelalter |0 (DE-627)1271526603 |0 (DE-625)rvk/156151: |0 (DE-576)201526603 |
| 936 | r | v | |a LH 67582 |b Mittelalter (-1500) |k Kunstgeschichte |k Allgemeines. Allgemeine Kunstgeschichte |k Kunstgeschichte einzelner Gattungen der Kunst |k Architektur |k Ordnung nach Aufgaben |k Sakrale Architektur |k Kirchen |k Kirchen |k Mittelalter (-1500) |0 (DE-627)1270707361 |0 (DE-625)rvk/94646:156 |0 (DE-576)200707361 |
| 936 | r | v | |a LK 79582 |b Mittelalter (-1500) |k Kunstgeschichte |k Kunst nach Ländern bzw. Kontinenten |k Deutschland |k Deutsche Kunstgeschichte nach Gattungen |k Architektur |k Ordnung nach Aufgaben |k Sakrale Architektur |k Kirchen |k Kirchen |k Mittelalter (-1500) |0 (DE-627)1271695677 |0 (DE-625)rvk/98283:156 |0 (DE-576)201695677 |
| 936 | b | k | |a 21.70 |j Geschichte der Sakralbaukunst |0 (DE-627)106421255 |
| 936 | s | n | |a l300 |2 mzub |
| 936 | s | n | |a z210 |2 mzub |
| 951 | |a BO | ||
| 990 | |a Kirchenbau | ||
| 990 | |a Geschichte 500-1500 | ||
| 990 | |a Kirchenbau | ||
| 990 | |a Bauhütte | ||
| 990 | |a Geschichte 500-1500 | ||
| 990 | |a Kirchenbau | ||
| 990 | |a Bauhütte | ||
| 990 | |a Geschichte 500-1500 | ||
| 991 | |a Rezensiertes Werk | ||
| 999 | |a KXP-PPN504115766 |e 4020845301 | ||


